000 00718nam a2200193 i 4500
001 124169
003 ES-MaACL
005 20250826083350.0
007 t|
008 070214s1933 sp r ||||1| spa d
245 0 0 _aRapport sur l'application de la convention concernant la reparation des accidens du travail dans l'agriculture.
260 _aGeneve :
_bBureau International du Travail,
_c1933.
300 _a17 p. ;
_c32 cm.
500 _aPrecede al Tit : Societé des Nations. Conference Internationale du Travail, dix-septieme session, Geneve 1933.
710 1 _aOficina Internacional del Trabajo
_96023
710 2 _aSociedad de Naciones.
_96682
852 _aES-MaACL
_j1765-F-28
999 _c124169
_d124169